Facultad de Odontología.  Biblioteca.  Nodo central                      



header.jpg

Política exterior para una nueva era. (Registro nro. 5257)

Detalles MARC
000 -LEADER
campo de control de longitud fija 00711nam a22002177a 4500
003 - IDENTIFICADOR DE NÚMERO DE CONTROL
campo de control OSt
005 - FECHA Y HORA DE LA ÚLTIMA TRANSACCIÓN
campo de control 20250526201910.0
008 - DATOS DE LONGITUD FIJA--INFORMACIÓN GENERAL
campo de control de longitud fija 250526b |||||||| |||| 00| 0 sp d
040 ## - FUENTE DE CATALOGACIÓN
Centro catalogador/agencia de origen cunsuroc
Lengua de catalogación esp
Centro/agencia transcriptor anacap
082 ## - NÚMERO DE LA CLASIFICACIÓN DECIMAL DEWEY
Número de edición 1a. ed.
Número de clasificación 327.73 W515
100 ## - ENTRADA PRINCIPAL--NOMBRE DE PERSONA
Nombre de persona Wesson, Robert G.
9 (RLIN) 12735
245 ## - MENCIÓN DEL TÍTULO
Título Política exterior para una nueva era.
Mención de responsabilidad, etc. Wesson, Robert G.
Medio Físico
250 ## - MENCION DE EDICION
Mención de edición 1a, ed.
260 ## - PUBLICACIÓN, DISTRIBUCIÓN, ETC.
Lugar de publicación, distribución, etc. Buenos Aires, Ar:
Nombre del editor, distribuidor, etc. Troquel,
Fecha de publicación, distribución, etc. 1979
300 ## - DESCRIPCIÓN FÍSICA
Extensión 448p. :
Dimensiones il. ; 23cm.
365 ## - PRECIO COMERCIAL
Cantidad 1
Unidad de precio 3.00
Código ISO del país ar
504 ## - NOTA DE BIBLIOGRAFÍA, ETC.
Nota de bibliografía, etc. Bibliografía:pp. 425-448
648 ## - PUNTO DE ACCESO ADICIONAL DE MATERIA--TÉRMINO CRONOLÓGICO
Fuente del encabezamiento o término Estados Unidos - Relaciones exteriores
9 (RLIN) 3262
700 ## - ENTRADA AGREGADA--NOMBRE PERSONAL
Nombre de persona Masera, Rubén, tr.
9 (RLIN) 12736
942 ## - ELEMENTOS DE ENTRADA SECUNDARIOS (KOHA)
Fuente del sistema de clasificación o colocación Clasificación Decimal Dewey
Tipo de ítem Koha Libros
Edición 1a. ed.
Parte de la signatura que corresponde a la clasificación (Parte de la clasificación) 327.73 W515
Suprimir en OPAC No
Existencias
Estatus retirado Estado de pérdida Fuente del sistema de clasificación o colocación Estado de daño No para préstamo Código de colección Biblioteca de origen Biblioteca actual Ubicación en estantería Fecha de adquisición Fuente de adquisición Información codificada de la localización en otra ubicación Coste, precio normal de compra Número de inventario Total de préstamos Signatura topográfica completa Código de barras Visto por última vez Copia número Precio de reemplazo Tipo de ítem Koha
    Clasificación Decimal Dewey     No ficción BibIioteca Irma Enieé Ramírez Martínez del Centro Universitario de Mazatenango BibIioteca Irma Enieé Ramírez Martínez del Centro Universitario de Mazatenango Colección general 26/05/2025 donado Estantería 3.00 427   327.73 W515 56HB00000427 26/05/2025 c. 1 26/05/2025 Libros